Quizzes
Events
Quiz Creation
Community
Videos
Private Events
Remove Ads
Sign In
Join for FREE
Feedback
Dark Mode
Quiz Categories
Sports
Geography
Music
Movies
Television
Just For Fun
Miscellaneous
History
Literature
Language
Science
Gaming
Entertainment
Religion
Holiday
For Kids
Quiz Lab
Recent
Popular Today
Quiz Kudos Today
Editor Picks
Curator Picks
Quizzes by...
Day
Popularity
Type
Ratings
Length
Year
Community
Subscriptions
Recent Discussions
Orange Saloon
Badges
Playlists
Quests
Create
Leaderboards
Showdown
Live 5
Trivia Bingo
Activity
Puzzle Library
Sporcle Events
Private Events
Virtual Trivia
Globe League
Become a Host
Pub Owners
SporcleCon
Opinionation
Our Games
Videos
Blog
Mobile Apps
Partnerships
Remove Ads and Go Orange
Feedback
Entertainment
Celebrity
Famous
Musical
Broadway
Show
Quote
Comic Books
Anime
Superhero
DC Comics
Marvel
Cartoons
Animation
Entertainment
Celebrity
Famous
Musical
Broadway
Show
Quote
Comic Books
Anime
Superhero
DC Comics
Marvel
Cartoons
Animation
Random Quiz
Search Sporcle
×
Quiz Lab
Quiz Lab
Entertainment
Humor
Type in answers that appear in a list
Type in answers that appear in a list
Classic
Best Score? Go Orange.
✎Superhero Term Papers✎ Stats
Can you name the comic book characters who might have written these term papers??
By
Detektor
5m
6 Questions
2,543 Plays
2,543 Plays
2,543 Plays
Comments
Comments
Give Quiz Kudos
Give Quiz Kudos
-
- Ratings
hide this ad
Forced Order
Answers have to be entered in order
Answers have to be entered in order
Replay
Link that replays current quiz
Next Quiz
Link to next quiz in quiz playlist
You Got
0%
They Got
Avg Score
49%
Avg Friend Score
Upgrade to see
Score Distribution
Jump to the score distribution portion of the page
Score
0/6
Timer
05:00
0
Plays Today
Essay
Character
% Correct
1
Spider-Man
72.8%
4
Lois Lane
65.2%
6
Green Lantern
64.5%
5
Batman
59.5%
3
Harley Quinn
16.9%
2
Daredevil
16.6%
Quiz Playlist
Details
Report
Send in Message
Add To Playlist
Classic:
Type in answers that appear in a list
Forced Order:
Answers have to be entered in order
Quiz Source
Last Updated: Jun 27, 2017
Quiz Scoreboard
CHALLENGE
Sign Up to Join the Scoreboard
Show All
Scores
Hide
Comments
May contain spoilers
Recently Published
Pick 6: Fruits
by JohnFran
Miscellaneous
15s
Click the 1999 NBA Draft
by nibperrychub
Sports
2m
Alphabetical 'K' Countries by Flag Minefield
by ylime102
Geography
3m
More to Explore
Quiz From the Vault
Featured Blog Post
15 Basketball Trivia Facts You Can Be March Mad About
hide this ad
You Might Also Like...
Tags
Comic Books Quiz
DC Comics Quiz
Humor Quiz
Marvel Quiz
DC Characters
Funny
hilarious
Image Quiz
Marvel Characters
school
Today's Top Quizzes in Entertainment
Browse Entertainment
hide this ad
Today's Top Quizzes in Humor
Browse Humor
Top Contributed Quizzes in Entertainment
1
Heroes of Olympus Logic Puzzle
2
Marvel, Role-Playing, Shakespeare, and Cats, Oh My!
3
Double Word Hourglass: Comic Book Publishers
4
Picture Click Blitz: Snow White
5
Dragon Ball Z: Goku's Fights in Order
6
The Joker Actors by Order
7
Click the Fictional Jane
8
Click the Fictional John
9
Click the Fictional Jill
10
Criteria Comics (DC vs. Marvel)
Explore More
Trending Topics
Kpop
NBA
Harry Potter
Marvel
Crossword
Disney
Anime
NFL
WWE
Song
Soccer
The Office
Country
Pokémon
Puzzle
hide this ad
More By:
Detektor
Quiz
Plays
Rating
Category
Featured
Created
'And' Idioms
221,358
4.41
Language
Jan 8, 2010
Presidential Education
142,772
4.28
History
Feb 8, 2010
Most-Published Comic Book Characters
107,762
3.99
Entertainment
Dec 1, 2009
IPA Pronunciation
99,177
4.54
Language
Apr 30, 2010
Marvel Superheroes by Profession
68,900
3.65
Entertainment
Jun 25, 2010
Go to Creator's Profile
Score Distribution
Quiz Creator Spotlight
Detektor
Follow
Send a Message
Quizzes Created
-
Created Quiz Play Count
-
More By This Creator
Popular Quizzes Today
1
Countries of Asia Without Outlines Minefield
2
Find the US States - No Outlines Minefield
3
Pick 6: Fruits
4
Alphabetical 'K' Countries by Flag Minefield
5
The Countries of the World
6
Find the US States
7
Match the Book to the Film X
8
US States
More Entertainment Quizzes
9 Fictional Characters with Red Eyes
Published
Trending Quizzes
Pick 6: Mountains
Pick 6: Harry Potter
Pick 6: NFL Teams
Pick 6: Movie Franchises
Pick 6: Golfers
Recently Updated
NWSL Teams
pecheneg
Women's Final Four Teams by Year
bhenderson79
Presidents Quartet II
eogle
Anything But Clue(do)
eogle
Anything But Oceanian Capitals
eogle
Anything But 7
eogle
Anything But Thing
eogle
Word Ladder: February 29
pecheneg
Song Title Questions
pecheneg
Women's NCAA Tournament #1 Seeds
pecheneg
Trending Topics
NBA
Harry Potter
Disney
Anime
Kpop
Marvel
Crossword
Song
The Office
Pokémon
NFL
Puzzle
Country
WWE
Soccer
Your Account Isn't Verified!
In order to create a playlist on Sporcle, you need to verify the email address you used during registration. Go to your
Sporcle Settings
to finish the process.
Report this User
Report this user for behavior that violates our
Community Guidelines
.
Details:
Send Report
Go to the Sporcle.com Mobile Site →
Comments